<?xml version="1.0" encoding="UTF-8"?><?xml-stylesheet type="text/xsl" href="static/style.xsl"?><OAI-PMH xmlns="http://www.openarchives.org/OAI/2.0/" xmlns:xsi="http://www.w3.org/2001/XMLSchema-instance" xsi:schemaLocation="http://www.openarchives.org/OAI/2.0/ http://www.openarchives.org/OAI/2.0/OAI-PMH.xsd"><responseDate>2026-06-02T04:00:20Z</responseDate><request verb="GetRecord" identifier="oai:riubu.ubu.es:10259/8578" metadataPrefix="marc">https://riubu.ubu.es/oai/request</request><GetRecord><record><header><identifier>oai:riubu.ubu.es:10259/8578</identifier><datestamp>2024-02-06T01:05:23Z</datestamp><setSpec>com_10259_3847</setSpec><setSpec>com_10259_5086</setSpec><setSpec>com_10259_2604</setSpec><setSpec>col_10259_7109</setSpec><setSpec>col_10259_7409</setSpec></header><metadata><record xmlns="http://www.loc.gov/MARC21/slim" xmlns:doc="http://www.lyncode.com/xoai" xmlns:xsi="http://www.w3.org/2001/XMLSchema-instance" xmlns:dcterms="http://purl.org/dc/terms/" xsi:schemaLocation="http://www.loc.gov/MARC21/slim http://www.loc.gov/standards/marcxml/schema/MARC21slim.xsd">
<leader>00925njm 22002777a 4500</leader>
<datafield tag="042" ind1=" " ind2=" ">
<subfield code="a">dc</subfield>
</datafield>
<datafield tag="720" ind1=" " ind2=" ">
<subfield code="a">Sedano, Javier</subfield>
<subfield code="e">author</subfield>
</datafield>
<datafield tag="720" ind1=" " ind2=" ">
<subfield code="a">Villar, José Ramón</subfield>
<subfield code="e">author</subfield>
</datafield>
<datafield tag="720" ind1=" " ind2=" ">
<subfield code="a">Curiel Herrera, Leticia Elena</subfield>
<subfield code="e">author</subfield>
</datafield>
<datafield tag="720" ind1=" " ind2=" ">
<subfield code="a">Cal, Enrique de la</subfield>
<subfield code="e">author</subfield>
</datafield>
<datafield tag="720" ind1=" " ind2=" ">
<subfield code="a">Corchado, Emilio</subfield>
<subfield code="e">author</subfield>
</datafield>
<datafield tag="260" ind1=" " ind2=" ">
<subfield code="c">2010</subfield>
</datafield>
<datafield tag="520" ind1=" " ind2=" ">
<subfield code="a">Improving the detection of thermal insulation failures in buildings includes the development of models for heating process and fabric gain -heat flux&#xd;
through exterior walls in the building-. Thermal insulation standards are now&#xd;
contractual obligations in new buildings, the energy efficiency in the case of&#xd;
buildings constructed before the regulations adopted is still an open issue, and&#xd;
the assumption is that it will be based on heat flux and conductivity measurement. A three-step procedure is proposed in this study that begins by considering the local building and heating system regulations as well as the specific features of the climate zone. Firstly, the dynamic thermal performance of different&#xd;
variables is specifically modeled. Secondly, an exploratory projection pursuit&#xd;
method called Cooperative Maximum-Likelihood Hebbian Learning is used to&#xd;
extract the relevant features. Finally, a supervised neural model and identification techniques are applied, in order to detect the heat flux through exterior&#xd;
walls in the building. The reliability of the proposed method is validated for a&#xd;
winter zone, associated to several cities in Spain.</subfield>
</datafield>
<datafield tag="024" ind2=" " ind1="8">
<subfield code="a">0302-9743</subfield>
</datafield>
<datafield tag="024" ind2=" " ind1="8">
<subfield code="a">http://hdl.handle.net/10259/8578</subfield>
</datafield>
<datafield tag="024" ind2=" " ind1="8">
<subfield code="a">10.1007/978-3-642-13033-5_65</subfield>
</datafield>
<datafield tag="024" ind2=" " ind1="8">
<subfield code="a">1611-3349</subfield>
</datafield>
<datafield ind1=" " ind2=" " tag="653">
<subfield code="a">Computational Intelligence</subfield>
</datafield>
<datafield ind1=" " ind2=" " tag="653">
<subfield code="a">Soft computing Systems</subfield>
</datafield>
<datafield ind1=" " ind2=" " tag="653">
<subfield code="a">Identification Systems</subfield>
</datafield>
<datafield ind1=" " ind2=" " tag="653">
<subfield code="a">Artificial Neural Networks</subfield>
</datafield>
<datafield ind1=" " ind2=" " tag="653">
<subfield code="a">Non-linear Systems</subfield>
</datafield>
<datafield tag="245" ind1="0" ind2="0">
<subfield code="a">Modelling of Heat Flux in Building Using Soft-Computing Techniques</subfield>
</datafield>
</record></metadata></record></GetRecord></OAI-PMH>